000 00649nam a2200181 i 4500
001 36696
003 ES-MaACL
005 20251002201359.0
007 t|
008 030219s1918 cu ||||1| spa d
100 1 _aBravo y Correoso, Antonio.
_931510
245 1 0 _aDiscurso leído por el Licenciado en el acto de la... inauguración de la estatua erigida al... Primer Presidente Tomás Estrada Palma /
_cAntonio Bravo y Correoso.
260 _aSantiago (Cuba) :
_b[s.n.],
_c1918.
300 _a34 p., [1] h. lám. ;
_c23 cm.
600 1 7 _aEstrada Palma, Tomás,
_d1835-1908
_2
_9159733
852 _aES-MaACL
_j1572-F-22
999 _c36696
_d36696